| 000 | 01497ngm a22003370a 4500 | ||
|---|---|---|---|
| 001 | PT14864 | ||
| 003 | AR-LpoUNG | ||
| 005 | 20210202000106.0 | ||
| 007 | vd cvaizq | ||
| 008 | 191001s1998||||ag |||||||||||||||||spa d | ||
| 037 | _c$8.30 | ||
| 037 | _c$9.96 | ||
| 040 |
_aAR-LpoUNG _bspa _cAR-LpoUNG _eaacr |
||
| 041 | _aspa | ||
| 044 | _aag | ||
| 082 | 0 | _a791.45 425tru | |
| 100 | 1 |
_aWeir, Peter _edir. |
|
| 245 | 1 | 4 | _aThe Truman show |
| 260 |
_aSan Luis : _bAVH, _c[1998]. |
||
| 300 | _aVHS (103 min.) : son., col. | ||
| 520 | _aJim Carrey encarna a Truman Burbank, involuntario animador de un programa de televisión que comenzó con su nacimiento y debería terminar el día de su muerte. El Truman Show es eso, la historia íntegra, en tiempo real, de su vida. También es la más faraónica producción jamás emprendida por un medio audiovisual: miles de cámaras, un gigantesco set de filmación -eso es Seahaven, la isla en la que vive Truman- con actores principales, secundarios e innumerables extras. La corporación que promueve el show -y a la que Truman pertenece en términos legales- es un monopolio incuestionado, omnipotente, al que preside un capo mediático llamado Christof. | ||
| 650 | 4 | _aASPECTOS SOCIALES | |
| 650 | 4 | _aMEDIOS DE COMUNICACION DE MASAS | |
| 650 | 4 | _aMONOPOLIOS | |
| 650 | 4 | _aSOCIEDAD DE LA INFORMACION | |
| 650 | 4 | _aSOCIOLOGIA | |
| 651 | 4 | _aDOCUMENTOS TEORICOS O METODOLOGICOS | |
| 653 | _aVIDEOS | ||
| 905 | _a14864 | ||
| 942 | _cVIDEO | ||
| 999 |
_c54102 _d54102 |
||